Normal view
MARC view
- Villamin, Araceli M.
Entry Personal Name
001 - CONTROL NUMBER
- control field: 42586
003 - CONTROL NUMBER IDENTIFIER
- control field: OSt
005 - DATE AND TIME OF LATEST TRANSACTION
- control field: 20201119114236.0
008 - FIXED-LENGTH DATA ELEMENTS
- fixed length control field: 201119|| aca||aabn | a|a d
040 ## - CATALOGING SOURCE
- Original cataloging agency: OSt
- Transcribing agency: OSt
100 ## - HEADING--PERSONAL NAME
- Personal name: Villamin, Araceli M.
670 ## - SOURCE DATA FOUND
- Source citation: Work cat.: (OSt): Villamin, Araceli M., Innovative strategies in teaching reading/, ©1984.
